[Event "New Delhi Parsvnath op 6th"]
[Site "New Delhi"]
[Date "2008.01.13"]
[Round "2"]
[White "Thipsay, Praveen Mahadeo"]
[Black "Chander, Pal"]
[Result "1/2-1/2"]
[WhiteElo "2473"]
[BlackElo "2124"]
[PlyCount "73"]
[EventDate "2008.01.13"]
[EventType "swiss"]
[EventRounds "10"]
[EventCountry "IND"]
[SourceTitle "CBM 122 Extra"]
[Source "ChessBase"]
[SourceDate "2008.03.04"]
[SourceVersion "1"]
[SourceVersionDate "2008.03.04"]
[SourceQuality "1"]

1. e4 c5 2. Nf3 d6 3. d4 cxd4 4. Nxd4 Nf6 5. Nc3 a6 6. Be2 Qc7 7. 0-0 e6 8. f4 Nc6 9. Be3 Bd7 10. Kh1 Rc8 11. Qe1 Na5 12. Rd1 Nc4 13. Bc1 b5 14. a3 h5 15. Rd3 Be7 16. b3 Na5 17. Bd2 Nc6 18. Nxc6 Bxc6 19. Bf3 Kf8 20. f5 exf5 21. exf5 d5 22. Nxd5 Bxd5 23. Bxd5 Qxc2 24. Be4 Qc7 25. Bf4 Qb6 26. Bf3 a5 27. Bd2 b4 28. axb4 axb4 29. Qe5 Re8 30. Be3 Qb8 31. Qxb8 Rxb8 32. Rc1 Ng4 33. Bxg4 hxg4 34. Bf4 Ra8 35. Kg1 Rh5 36. Rg3 Rxf5 37. Rxg4 1/2-1/2